| 000 | 00853nam a22002057a 4500 | ||
|---|---|---|---|
| 999 |
_c18777 _d18777 |
||
| 008 | 240126b ||||| |||| 00| 0 eng d | ||
| 020 | _a9786214063420 | ||
| 082 |
_22022 _aDFil 004.072 _bL39 |
||
| 100 |
_aLaviña, Charlemagne Garcia. _950837 |
||
| 245 |
_aOutcomes-based practical guide to thesis and capstone project writing in computing / _cChalemagne Garcia Laviña and five others. |
||
| 260 |
_aManila : _bMindshapers Co., Inc., _c©2022. |
||
| 300 |
_aviii,257 pages : _billustrations ; _c26 cm. |
||
| 650 |
_aComputer science _xResearch. _951629 |
||
| 700 |
_aMañabo, Renelina Delmo. _eauthor. _910242 |
||
| 700 |
_aHernandez, GLoria Dela Cruz. _eauthor. _910243 |
||
| 700 |
_aHablanida, Fe Larwa. _eauthor. _910244 |
||
| 700 |
_aLacorte, Alice Maldonado. _eauthor. _910245 |
||
| 700 |
_aGaza-Ebron, Jonalyn. _eauthor. _950838 |
||
| 942 |
_2ddc _cDFIL |
||